• 首页
  • 本馆介绍
  • 公告通知
  • 最新文献
  • 馆藏检索
  • 电子资源
  • 读者导购
  • 参考咨询
  • 我的图书馆
  • 登录
  • 详细信息显示
  • 放入我的书架
  • 预约/预借图书
  • 作者相关作品
  • 分类相关作品
  • 丛书相关作品
  • 出版社相关作品

书目信息

  • 表格格式
  • 工作单格式
  • 卡片格式
题名:
《列宁选集》历史词典
    
 
作者: 魏琦 编
分册:  
出版信息: 北京   商务印书馆  1990.04
页数: 382页
开本: 21cm
丛书名:
单 册:
中图分类: A821.1-61
科图分类:
主题词: 列宁著作研究--选集--词典 , 列宁著作研究--文集--词典
电子资源:
ISBN: 7-100-00153-6
000 00606nam0 2200205 45
001 0412310813
005 20041231103649.0
010    @a7-100-00153-6@dCNY4.90
100    @a20041231d1990 km y0chiy0120 ea
101 0  @achi
105    @a z 000yy
200 1  @a《列宁选集》历史词典@A《Lie Ning Xuan Ji》Li Shi Ci Dian@f魏琦等编@FWei Qi Deng Bian
210    @a北京@c商务印书馆@d1990.04
215    @a382页@d21cm
606 0  @a列宁著作研究@x选集@x词典
606 0  @a列宁著作研究@x文集@x词典
690    @aA821.1-61@v3
701  0 @a魏琦@4编
801    @aCN@bPftUser@c20041231
905    @f1@b258667@dA821.1-61@e21
    
    《列宁选集》历史词典/魏琦等编.-北京:商务印书馆,1990.04
    382页;21cm
    
    
    ISBN 7-100-00153-6:CNY4.90
    
●
相关链接 在E读中查询图书 在五车中查询图书 在当当中查询图书 在豆瓣中查询图书


正题名:《列宁选集》历史词典     索取号:A821.1-61/21         预约/预借

序号 登录号 条形码 馆藏地/架位号 状态 备注
1 0258666   001389063   第一样本阅览室/ [索取号:A821.1-61/21] 在馆    
2 0258667   001389072   第一借阅区/ [索取号:A821.1-61/21] 在馆    
唐山师范学院图书馆 欢迎您!
大连网信软件有限公司© 版权所有